Raimundo Panikkar a Pilgrim across worlds / (Record no. 101929)

MARC details
000 -LEADER
fixed length control field 00632nam a22001937a 4500
005 - DATE AND TIME OF LATEST TRANSACTION
control field 20160808145448.0
010 ## - LCCN (DPL NO)
LC control number ENG-115665
020 ## - INTERNATIONAL STANDARD BOOK NUMBER
International Standard Book Number 9789385285394
Terms of availability 495.00
035 ## - SYSTEM CONTROL NUMBER
System control number EN-99197
037 ## - SOURCE OF ACQUISITION
Source of stock number/acquisition DBAD/PUB
082 ## - DEWEY DECIMAL CLASSIFICATION NUMBER
Classification number 291.092
245 ## - TITLE STATEMENT
Title Raimundo Panikkar a Pilgrim across worlds /
Statement of responsibility, etc edited by Kapila Vatsyayan [and] Come Carpentier de Gourdon
260 ## - PUBLICATION, DISTRIBUTION, ETC. (IMPRINT)
Place of publication, distribution, etc New Delhi
Name of publisher, distributor, etc Niyogi Books
Date of publication, distribution, etc 2016
270 ## - ADDRESS
Address D-78,Okhla Industrial Area,Phase-I
City New Delhi
Postal code 110020
300 ## - PHYSICAL DESCRIPTION
Extent 271p.
Dimensions 23cm(pbk)
700 ## - ADDED ENTRY--PERSONAL NAME
Personal name Vatsyayan,Kapila
700 ## - ADDED ENTRY--PERSONAL NAME
Personal name Gourdon,Come Carpentier de
942 ## - ADDED ENTRY ELEMENTS (KOHA)
Source of classification or shelving scheme Dewey Decimal Classification
Item type English Books
Classification part 291.092
Call number suffix RAI
Holdings
Withdrawn status Lost status Not for loan Collection code Home library Current library Date acquired Source of acquisition Cost, normal purchase price Full call number Barcode Copy number Cost, replacement price Koha item type
    Not For Loan Non-fiction D.B.Act.Division Bawana 08/08/2016 DBAD/PUB 495.00 291.092 RAI EN-99197 1 495.00 English Books

© Delhi Public Library
Hit Counter
free hit counter